| 000 | 00898nam a2200241Ia 4500 | ||
|---|---|---|---|
| 003 | OSt | ||
| 005 | 20220923221626.0 | ||
| 006 | a|||||r|||| 00| 0 | ||
| 007 | ta | ||
| 008 | 220922b |||||||| |||| 00| 0 hin d | ||
| 024 | _a198,766 | ||
| 037 | _cTextual | ||
| 040 |
_aARTS _cARTS _bhin |
||
| 041 |
_2hin _ahin |
||
| 082 | _aP152:795, M0-;4-;5(CCT) | ||
| 100 |
_aतिवारी, भोला नाथ; चतुर्वेदी, महेन्द्र _9165525 |
||
| 245 | 0 | _aकाव्यानुवाद की समस्याएं | |
| 246 | _aKāvyānuvād kī samasyāean | ||
| 260 |
_aदिल्ली _b शब्दाकार _c1980 |
||
| 300 |
_a169पृ. _ccm. |
||
| 942 |
_hP152:795, M0-;4-;5(CCT) _cTEXL _2CC |
||
| 999 |
_c350575 _d350575 |
||